UBT Library

MANAGERIAL ECONOMICS (Record no. 59360)

000 -LEADER
fixed length control field 00333nam a22001457a 4500
008 - FIXED-LENGTH DATA ELEMENTS--GENERAL INFORMATION
fixed length control field 230316b ||||| |||| 00| 0 eng d
020 ## - INTERNATIONAL STANDARD BOOK NUMBER
International Standard Book Number 9780470282427
041 ## - LANGUAGE CODE
Language code of text/sound track or separate title eng
080 ## - UNIVERSAL DECIMAL CLASSIFICATION NUMBER
Edition identifier SIX EDITION
Universal Decimal Classification number 338
082 ## - DEWEY DECIMAL CLASSIFICATION NUMBER
Classification number 338SAM
100 ## - Rafti
Rafti 24
101 ## - Shkurtesa
Shkurtesa MAN ECO
245 ## - TITLE STATEMENT
Title MANAGERIAL ECONOMICS
Statement of responsibility, etc SAMUELSON.F.W
942 ## - ADDED ENTRY ELEMENTS (KOHA)
Source of classification or shelving scheme
Item type Books
Holdings
Withdrawn status Lost status Source of classification or shelving scheme Damaged status Not for loan Collection code Permanent location Current location Date acquired Total Checkouts Full call number Barcode Date last seen Price effective from Koha item type
          Koleksioni i përgjithshem UBT - Lipjan UBT - Lipjan 03/16/2023   338SAM 002-8000106 03/16/2023 03/16/2023 Books
UBT Library © 2015-2024. All rights reserved University Education for Business and Technology